Cyprus in Eurovision (1981-2025) - Statistics

General Stats
  • This quiz has been taken 4 times
  • The average score is 33 of 42
Answer Stats
Year Song title Result % Correct
2013 An me thimasai 15 (SF)
100%
2023 Break a Broken Heart 12
100%
2007 Comme ci, comme ça 15 (SF)
100%
2022 Ela 12 (SF)
100%
2005 Ela Ela (Come Baby) 18
100%
2021 El Diablo 16
100%
2003 Feeling Alive 20
100%
2008 Femme Fatale 15 (SF)
100%
2009 Firefly 14 (SF)
100%
2018 Fuego 2
100%
1998 Genesis 11
100%
2002 Gimme 6
100%
2017 Gravity 21
100%
2012 La La Love 16
100%
2024 Liar 15
100%
1997 Mana mou 5
100%
1981 Monika 6
100%
2000 Nomiza 21
100%
2019 Replay 13
100%
2020 Running N/A
100%
2011 San aggelos s'agapisa 18 (SF)
100%
2025 Shh 11 (SF)
100%
1999 Tha'ne erotas 22
100%
1986 Tora zo 20
100%
2006 Why Angels Cry 15 (SF)
100%
2016 Alter Ego 21
67%
1987 Aspro mavro 7
67%
2010 Life Looks Better in Spring 21
67%
1990 Milas poli 14
67%
1996 Mono gia mas 9
67%
1982 Mono i agapi 5
67%
2015 One Thing I Should Have Done 22
67%
1991 S.O.S. 9
67%
1995 Sti fotia 9
67%
2004 Stronger Every Minute 5
67%
1992 Teriazoume 11
67%
1994 Ime anthropos ki ego 11
33%
1993 Mi stamatas 19
33%
1984 Anna Mari-Elena 15
0%
1989 Apopse as vrethoume 11
0%
1983 I agapi akoma zi 16
0%
1985 To katalava arga 16
0%
No matching quizzes found
Score Distribution
Percent of People with Each Score
Percentile by Number Answered
Your Score History
You have not taken this quiz